000 00867nam a22002897a 4500
003 CHAP
005 20220329133908.0
008 971013s1971 r 00010 d
010 _a12371
011 _a13343
035 _a17414
040 _cCHAP
082 _a658.4035
_bH3
100 0 0 _aHausrath, Alfred H.
_953105
245 _aVenture simulation in war, business and politics
260 _aNew York :
_bMcGraw-Hill,
_c1971
300 _a398 p.
_b: ilus.
590 _aBATCH-UPD
_b10
_c20130110
_lUCH01
_h1003
590 _aBATCH-UPD
_b10
_c20130410
_lUCH01
_h0614
590 _aBATCH-UPD
_b10
_c20130914
_lUCH01
_h1603
590 _aCONVERSION
_b10
_c20130109
_lUCH01
_h1308
650 1 4 _aJuegos, teoría de los.
_962279
650 1 4 _aSimulación.
_9106523
901 _aBK
942 _cLIBRO
949 _a658.4035 H3
_bBC
_cLIBRO
_d33724000098570
_eLIBRO
_i17414
_si
999 _c12371
_d12371